000 00596nam a2200229 i 4500
001 bg
100 1 _aSOBCZYŃSKA, Alicja
245 1 0 _aJak dostać pracę w zagranicznej firmie :
_bporadnik /
_cAlicja Sobczyńska.
260 _aWarszawa :
_b"Presspublica",
_c1998.
300 _a68 s. ;
_c23 cm.
490 1 _aRzeczpospolita
650 9 _aZatrudnienie
655 _aPoradniki
830 _aRzeczpospolita
020 _a8386038462
040 _cBPK
041 0 _apol
080 _a331.5(083.1)
920 _a83-86038-46-2
942 _cKS
008 s pl f |000 0 pol
999 _c35396
_d35396
856 _uhttp://koha.tu.koszalin.pl/cgi-bin/koha/opac-detail.pl?biblionumber=35396
_yKatalog online BPK